The best American mystery stories /

Đã lưu trong:
书目详细资料
其他作者: Ellroy, James (edited.), Penzler, Otto (series editor.)
格式: 图书
语言:English
出版: Boston : Houghton Mifflin Co., 2002.
丛编:The Best American series 2002.
主题:
标签: 添加标签
没有标签, 成为第一个标记此记录!
Thư viện lưu trữ: Mạng thư viện Đại học Đà Nẵng
LEADER 01242cam a22003371a 4500
001 000034443
003 10641
005 20220718145614.0
008 151027s2002 000 eng
020 |a 0618124934 
040 |a LNN  |c LNN  |d LNN 
041 |a eng 
082 |a 813.087208005  |b BE-A 
130 0 |a Best American mystery stories (Boston, Mass.). 
245 0 4 |a The best American mystery stories /  |c edited and with an introduction by James Ellroy ; Otto Penzler, series editor. 
260 |a Boston :  |b Houghton Mifflin Co.,  |c 2002. 
300 |a xv, 405 p. ;  |c 21 cm. 
440 4 |a The Best American series 2002. 
650 0 4 |a Detective and mystery stories, American  |v Periodicals. 
700 1 |a Ellroy, James,  |e edited. 
700 1 |a Penzler, Otto,  |e series editor. 
OWN |a LNN 
AVA |a UDN50  |b LNN  |c English  |d 819 EL-J  |e available  |t Error 5001 Not defined in file expand_doc_bib_avail.  |f 3  |g 0  |h N  |i 0  |j AN 
999 |a From the UDN01 
AVA |a UDN50  |b LNN  |c English  |d 819 EL-J  |e available  |t Error 5001 Not defined in file expand_doc_bib_avail.  |f 3  |g 0  |h N  |i 0  |j AN 
TYP |a Monograph 
TYP |a Printed language 
980 |a Mạng thư viện Đại học Đà Nẵng